[Event "GER KO tt R1/P02 email"]
[Site "GER email"]
[Date "2008.10.15"]
[Round "?"]
[White "Mages, Horst"]
[Black "Keuter, Klaus"]
[Result "1/2-1/2"]
[WhiteElo "1640"]
[BlackElo "2258"]
[PlyCount "50"]
[EventDate "2008.10.15"]
[EventType "tourn (corr)"]
[EventRounds "6"]
[EventCountry "GER"]
[SourceTitle "Corr 2011"]
[Source "ChessBase"]
[SourceDate "2010.08.31"]
[SourceVersion "1"]
[SourceVersionDate "2010.08.31"]
[SourceQuality "1"]

1. d4 Nf6 2. Nf3 e6 3. g3 d5 4. c4 dxc4 5. Bg2 Nc6 6. 0-0 a6 7. Nc3 Rb8 8. e4 Be7 9. Qe2 b5 10. Rd1 Nb4 11. d5 exd5 12. e5 Ng4 13. h3 Nh6 14. Bxh6 gxh6 15. a3 Nd3 16. Ne1 c6 17. Nxd3 cxd3 18. Qxd3 b4 19. Ne2 bxa3 20. bxa3 0-0 21. Nd4 Bd7 22. Rac1 Qb6 23. Rb1 Qc7 24. Rbc1 Qb6 25. Rb1 Qc7 1/2-1/2